MARC

LEADER 00000nam0a2200000 4500
001 264924
005 20231101233856.0
035 |a (RuTPU)RU\TPU\book\287922 
090 |a 264924 
100 |a 20140623d1988 m y0rusy50 ca 
101 0 |a rus 
102 |a RU 
105 |a a j 001zy 
200 1 |a Турбулентные течения  |e учебное пособие  |f Я. А. Ваграменко  |g Московский государственный педагогический институт (МГПИ) 
210 |a Москва  |c Изд-во МОПИ  |d 1988 
215 |a 116 с.  |c ил. 
320 |a Библиогр.: с. 111-114. 
606 1 |a Турбулентное течение  |2 stltpush  |3 (RuTPU)RU\TPU\subj\62151  |9 79297 
610 1 |a физика 
610 1 |a гидромеханика 
610 1 |a волновая механика 
610 1 |a турбулентность 
610 1 |a турбулентные струи 
610 1 |a пристенные течения 
610 1 |a турбулентный пограничный слой 
610 1 |a ламинарно-турбулентный переход 
610 1 |a учебные пособия 
675 |a 532.542(075.8)  |v 3 
700 1 |a Ваграменко  |b Я. А.  |g Ярослав Андреевич 
712 0 2 |a Московский государственный педагогический институт (МГПИ)  |c (1930-1941)  |2 stltpush  |3 (RuTPU)RU\TPU\col\19740 
801 1 |a RU  |b 63413507  |c 20140623 
801 2 |a RU  |b 63413507  |c 20150527  |g RCR 
942 |c BK